000
00236nam a2200097Ia 4500
008
230915s9999 xx 000 0 und d
050
_a
T 33 .J64 2008
100
_a
JENSEN CECIL
245
0
_a
ENGINEERING DRAWING AND DESIGN
942
_c
BK
999
_c
202289
_d
202289